Tajný vzorec Tesly
Elon Musk zdedil po Stevovi Jobsovi titul najkultovejšieho CEO. Čo sa skrýva pod kapotou najinovatívnejšej firmy na svete.
Salvato in:
| Autore principale: | |
|---|---|
| Altri autori: | , |
| Natura: | Capitolo di libro |
| Lingua: | slovacco |
| Soggetti: | |
| Tags: |
Nessun Tag, puoi essere il primo ad aggiungerne!!
|
MARC
| LEADER | 00000naa a2200000 4500 | ||
|---|---|---|---|
| 001 | 0207862 | ||
| 005 | 20231013091649.8 | ||
| 041 | 0 | |a slo | |
| 044 | |a SK | ||
| 245 | 1 | 0 | |a Tajný vzorec Tesly |c Jeff Dyer, Hal Gregersen, Nathan Furr |
| 520 | |a Elon Musk zdedil po Stevovi Jobsovi titul najkultovejšieho CEO. Čo sa skrýva pod kapotou najinovatívnejšej firmy na svete. | ||
| 610 | 2 | 0 | |a priemysel automobilový |
| 610 | 2 | 0 | |a automobily osobné |
| 610 | 2 | 0 | |a elektrina |
| 610 | 2 | 0 | |a firmy |
| 610 | 2 | 0 | |a inovácia |
| 610 | 2 | 0 | |a kreativita |
| 100 | 1 | |a Dyer, Jeff | |
| 700 | 1 | |a Gregersen, Hal | |
| 700 | 1 | |a Furr, Nathan | |